[Event "Rio de Janeiro Tijuca op 1st"]
[Site "Rio de Janeiro"]
[Date "2017.03.11"]
[Round "1"]
[White "Manzi, Luiz Antonio Bardao"]
[Black "Santos, Adriano Augusto Nev"]
[Result "1-0"]
[WhiteElo "2053"]
[BlackElo "1626"]
[PlyCount "69"]
[EventDate "2017.03.11"]
[EventType "swiss"]
[EventRounds "6"]
[EventCountry "BRA"]
[SourceTitle "CBM 177 Extra"]
[Source "ChessBase"]
[SourceDate "2017.04.27"]
[SourceVersion "1"]
[SourceVersionDate "2017.04.27"]
[SourceQuality "1"]

1. Nf3 d5 2. c4 dxc4 3. Na3 Nf6 4. Nxc4 Nc6 5. g3 g6 6. Bg2 Bg7 7. 0-0 0-0 8. d4 Bg4 9. Nce5 Nxe5 10. Nxe5 Bc8 11. e4 c5 12. dxc5 Qc7 13. Nd3 Rd8 14. Qc2 Ng4 15. h3 Ne5 16. Bf4 f6 17. Rfd1 Be6 18. Nxe5 fxe5 19. Be3 Rd7 20. Rxd7 Bxd7 21. Qc4+ Kh8 22. Rd1 b5 23. Qd5 Bc6 24. Qe6 Rf8 25. b4 Rf6 26. Qb3 Rf8 27. Rd2 Qb7 28. Qe6 Bf6 29. g4 Bg7 30. Bg5 Re8 31. Bh4 Qc7 32. Bg3 Rf8 33. g5 a6 34. a3 Re8 35. h4 1-0